000 00481nam a2200157 i 4500
001 38183
003 ES-MaACL
007 t|
008 030224s1960 sp ||||1| spa d
100 1 _aCabreros de Anta, Marcelino
_933327
245 1 0 _aDerecho canónico fundamental /
_cMarcelino Cabreros de Anta.
260 _aMadrid :
_bCo. Cul,
_c1960 (
_ePalencia :
_fDiario Día)
300 _a511 p. ;
_c25 cm.
852 _aES-MaACL
_jB-4663
_bR.48123
999 _c38183
_d38183